00201nam a2200073Ia 4500008004100000082002000041245004600061260002000107220204s9999 xx 000 0 und d a631.4(047)bROT 0aRothamsted experiment station report 1950 aHarpendenc1951